Environmentálny akčný program pre strednú a východnú Európu Skrátená verzia dokumentu schváleného Konferenciou ministrov. Luzern, Švajčiarsko, 28.-30. apríla 1993

Bibliographic Details
Other Authors: Tršová, Katarína (Translator), Magyar, Sylvia (gup, nob)
Format: Book
Language:Slovak
PhysicalDescription:[138] s. grafy, mp., tab. 30 cm
Published: [Budapest] OECD and World Bank 1994
ISBN:963 8454 07 5
Subjects:

MARC

LEADER 00000nam a2200000 a 4500
001 vtls001176844
003 SK-MaSNL
005 20260301060342.0
008 251124s1994 hu 00 00 slo
015 |a SNBZSA1995/0000175 
020 |a 963 8454 07 5 
035 |a SNK000119841 
040 |a SNK  |b slo  |c SNK  |e AACR2 
041 0 |a slo 
044 |a HU 
080 |a 504(4-11)  |2 1981 
245 1 |a Environmentálny akčný program pre strednú a východnú Európu  |b Skrátená verzia dokumentu schváleného Konferenciou ministrov. Luzern, Švajčiarsko, 28.-30. apríla 1993  |c transl. Katarína Tršová ; des. Sylvia Magyar 
246 1 0 |a Environmental Action Programme for Central and Eastern Europe (Slovak version) 
260 |a [Budapest]  |b OECD and World Bank  |c 1994 
300 |a [138] s.  |b grafy, mp., tab.  |c 30 cm 
500 |a Bez tit. strany 
650 0 7 |a prostredie životné  |z Európa stredná  |z Európa východná  |x programy environmentálne  |x dokumenty  |2 SNK  |9 371436 
700 1 |a Tršová, Katarína  |4 trl  |9 371437 
700 1 |a Magyar, Sylvia  |4 gup  |4 nob  |9 371438 
919 |a 963 8454 07 5 
958 |a APR 
958 |a CH 
958 |a ZS 
958 |a TL 
999 |c 615429  |d 617359 
952 |a SNK  |b SNK  |y PREZ  |7 0  |p 17A0906665  |o snkSB 54061  |i snkV 1012/95  |8 2  |0 0  |1 0  |4 0  |d 2015-10-08  |l 0  |r 2025-03-26 00:00:00  |w 2026-02-23